000
00455nam a2200181Ia 4500
008
090123s9999 xx 000 0 und d
082
_b
3692
100
_a
भैरप्प एस.एल.
245
_a
ग्रहण
250
_a
1
260
_c
1974
300
_a
273
600
_a
भैरप्प एस.एल.
630
_a
ग्रहण
700
_a
भैरप्प एस.एल.
730
_a
ग्रहण
942
_c
BOOK
999
_c
41771
_d
41771